[Event "I'M Not A GM Speed Chess"]
[Site "Chess.com INT"]
[Date "2022.05.11"]
[Round "1.32"]
[White "Shahade, Gregory P"]
[Black "Trent, Lawrence"]
[Result "0-1"]
[WhiteElo "2476"]
[BlackElo "2398"]
[PlyCount "82"]
[EventDate "2022.05.09"]
[EventType "k.o. (blitz)"]
[EventRounds "4"]
[EventCountry "USA"]
[SourceTitle "CBM 209 Extra"]
[Source "ChessBase"]
[SourceDate "2022.09.30"]
[SourceVersion "1"]
[SourceVersionDate "2022.09.30"]
[SourceQuality "1"]

1. e4 c6 2. Nc3 d5 3. Nf3 Qa5 4. Qe2 Nf6 5. e5 Nfd7 6. d4 e6 7. Bd2 Qc7 8. g3 a6 9. Bg2 c5 10. 0-0 cxd4 11. Nxd4 Qxe5 12. Be3 Bc5 13. Qd2 Nc6 14. Nxc6 bxc6 15. Rfe1 Bxe3 16. Rxe3 Qb8 17. Rae1 0-0 18. b3 Ra7 19. h4 c5 20. Ne2 Nf6 21. Nf4 h6 22. c4 d4 23. Re5 Qd6 24. Qe2 Ng4 25. Rh5 e5 26. Bf3 exf4 27. Bxg4 fxg3 28. Bxc8 Rxc8 29. Qg4 gxf2+ 30. Kxf2 Qh2+ 31. Kf1 Rf8 32. Rxh6 d3 33. Rh5 d2 34. Rd1 Re7 35. Rg5 f6 36. Rd5 Rfe8 37. R5xd2 Re1+ 38. Rxe1 Qh1+ 39. Kf2 Qxe1+ 40. Kf3 Qxd2 41. Qg6 Qe2+ 0-1

[Event "I'M Not A GM Speed Chess"]
[Site "Chess.com INT"]
[Date "2022.05.11"]
[Round "1.14"]
[White "Trent, Lawrence"]
[Black "Shahade, Gregory P"]
[Result "0-1"]
[WhiteElo "2398"]
[BlackElo "2476"]
[PlyCount "114"]
[EventDate "2022.05.09"]
[EventType "k.o. (blitz)"]
[EventRounds "4"]
[EventCountry "USA"]
[SourceTitle "CBM 209 Extra"]
[Source "ChessBase"]
[SourceDate "2022.09.30"]
[SourceVersion "1"]
[SourceVersionDate "2022.09.30"]
[SourceQuality "1"]

1. Nf3 Nf6 2. c4 g6 3. Nc3 d5 4. cxd5 Nxd5 5. Qb3 Nb6 6. h4 Nc6 7. h5 Bg7 8. d4 Be6 9. Qc2 Nxd4 10. Nxd4 Qxd4 11. g3 0-0 12. Rh4 Qc5 13. hxg6 hxg6 14. Be3 Qc6 15. Bh6 Bxh6 16. Rxh6 Kg7 17. Rh2 Rh8 18. Bg2 Qc5 19. Rxh8 Rxh8 20. e3 Rh2 21. Qe4 Bf5 22. Qxb7 Nc4 23. 0-0-0 Ne5 24. Be4 Rxf2 25. Rd4 Bxe4 26. Qxe4 f6 27. a3 Qb6 28. Rb4 Qa6 29. Kb1 Qf1+ 30. Ka2 Qg2 31. Qd4 Nc6 32. Qc5 Nxb4+ 33. Qxb4 Qc6 34. Qxe7+ Kh6 35. Qf8+ Kg5 36. Qb4 Qe6+ 37. Kb1 Rf1+ 38. Kc2 Kh6 39. Qh4+ Kg7 40. Qd4 Qf5+ 41. Kb3 Qe6+ 42. Kb4 Qb6+ 43. Qxb6 axb6 44. Nd5 Rb1 45. b3 Re1 46. Kc3 c6 47. Kd2 Rg1 48. Nxb6 Rxg3 49. a4 Rg2+ 50. Kc3 Ra2 51. Nc4 g5 52. Nd2 g4 53. Ne4 f5 54. Ng3 Kg6 55. Kd4 Kg5 56. Ke5 Rf2 57. a5 Rf3 0-1

[Event "I'M Not A GM Speed Chess"]
[Site "Chess.com INT"]
[Date "2022.05.11"]
[Round "1.23"]
[White "Trent, Lawrence"]
[Black "Shahade, Gregory P"]
[Result "0-1"]
[WhiteElo "2398"]
[BlackElo "2476"]
[PlyCount "72"]
[EventDate "2022.05.09"]
[EventType "k.o. (blitz)"]
[EventRounds "4"]
[EventCountry "USA"]
[SourceTitle "CBM 209 Extra"]
[Source "ChessBase"]
[SourceDate "2022.09.30"]
[SourceVersion "1"]
[SourceVersionDate "2022.09.30"]
[SourceQuality "1"]

1. Nf3 Nf6 2. c4 g6 3. Nc3 d5 4. cxd5 Nxd5 5. Qb3 Nb6 6. h4 Nc6 7. d4 Bg7 8. d5 Ne5 9. Nxe5 Bxe5 10. Bh6 a5 11. a4 Qd6 12. e4 Qb4 13. Qc2 Bd7 14. Bd2 0-0 15. h5 Nc4 16. Bxc4 Qxc4 17. b3 Qc5 18. Rc1 e6 19. Qd3 Qe7 20. hxg6 fxg6 21. dxe6 Bxe6 22. Nd5 Qf7 23. Be3 c6 24. f4 cxd5 25. fxe5 dxe4 26. Qxe4 Bxb3 27. e6 Bxe6 28. Qe5 Bd5 29. Rc7 Rae8 30. Qc3 Rxe3+ 31. Qxe3 Qxc7 32. Kd2 Qd7 33. Qd4 Bc6 34. Kc3 Qxd4+ 35. Kxd4 Rf4+ 36. Kc5 Rxa4 0-1

[Event "I'M Not A GM Speed Chess"]
[Site "Chess.com INT"]
[Date "2022.05.11"]
[Round "1.33"]
[White "Trent, Lawrence"]
[Black "Shahade, Gregory P"]
[Result "0-1"]
[WhiteElo "2398"]
[BlackElo "2476"]
[PlyCount "76"]
[EventDate "2022.05.09"]
[EventType "k.o. (blitz)"]
[EventRounds "4"]
[EventCountry "USA"]
[SourceTitle "CBM 209 Extra"]
[Source "ChessBase"]
[SourceDate "2022.09.30"]
[SourceVersion "1"]
[SourceVersionDate "2022.09.30"]
[SourceQuality "1"]

1. Nc3 g6 2. h4 h5 3. d4 Bg7 4. Nf3 c6 5. e4 d6 6. Be3 Bg4 7. Qd2 Nf6 8. Ng5 Qa5 9. f3 Bc8 10. Bc4 e6 11. Bb3 d5 12. e5 Nfd7 13. 0-0-0 c5 14. dxc5 Nxc5 15. Kb1 Nxb3 16. axb3 Bd7 17. Nce4 Qxd2 18. Nd6+ Ke7 19. Rxd2 f6 20. Ngf7 Rf8 21. Bc5 Rxf7 22. Nxf7+ Kxf7 23. exf6 Bxf6 24. g4 Nc6 25. gxh5 gxh5 26. Rg2 Ne5 27. Bd4 Ng6 28. Bxf6 Kxf6 29. Rhg1 Nxh4 30. Rh2 Nf5 31. Rxh5 Ke5 32. Rh7 Bc6 33. Re1+ Kd6 34. f4 Rf8 35. b4 Ng3 36. Rh6 Ne4 37. Rh4 Nd2+ 38. Kc1 Nf3 0-1

[Event "Titled Tuesday intern op 08th Feb Late"]
[Site "Chess.com INT"]
[Date "2022.02.08"]
[Round "3"]
[White "Hamley, Ryan"]
[Black "Shahade, Gregory P"]
[Result "0-1"]
[WhiteElo "2077"]
[BlackElo "2476"]
[PlyCount "139"]
[EventDate "2022.02.08"]
[EventType "swiss (blitz)"]
[EventRounds "11"]
[EventCountry "USA"]
[SourceTitle "CBM 206 Extra"]
[Source "ChessBase"]
[SourceDate "2022.03.31"]
[SourceVersion "1"]
[SourceVersionDate "2022.03.31"]
[SourceQuality "1"]

1. d4 Nf6 2. c4 g6 3. Nc3 d5 4. Nf3 Bg7 5. Qb3 dxc4 6. Qxc4 0-0 7. e4 a6 8. Be2 b5 9. Qb3 c5 10. dxc5 Be6 11. Qc2 Nbd7 12. Be3 Rc8 13. Rd1 b4 14. Na4 Qa5 15. b3 Ng4 16. Bd4 Bxd4 17. Nxd4 Nxc5 18. Nxc5 Rxc5 19. Qd2 Bc8 20. 0-0 Nf6 21. Bf3 Bb7 22. Rfe1 Rd8 23. Qe2 e5 24. Nc2 Rxd1 25. Qxd1 Qb6 26. Qd2 a5 27. h3 Qc7 28. Ne3 Bxe4 29. Bxe4 Nxe4 30. Qd3 Nf6 31. Nc4 e4 32. Qd4 Qe7 33. f3 Rd5 34. Qb6 Qc5+ 35. Qxc5 Rxc5 36. fxe4 a4 37. Kf2 axb3 38. axb3 h5 39. Ke3 Rg5 40. Re2 Rg3+ 41. Kd4 Rxb3 42. e5 Nd7 43. Nd6 Nf8 44. Rf2 Ne6+ 45. Kc4 Re3 46. Kxb4 Rxe5 47. Nxf7 Re4+ 48. Kc3 Rf4 49. Rxf4 Nxf4 50. Ne5 Kg7 51. g3 Nxh3 52. Kd3 Ng5 53. Ke3 Nf7 54. Nf3 Kf6 55. Kf4 g5+ 56. Ke4 Nd6+ 57. Kd5 Nf5 58. Nd2 Nxg3 59. Kd4 Kf5 60. Ke3 Kg4 61. Kf2 Kf4 62. Kg2 h4 63. Nc4 g4 64. Nb6 h3+ 65. Kh2 Nf1+ 66. Kg1 Ne3 67. Nd7 g3 68. Nf6 Kf3 69. Kh1 Ng4 70. Nxg4 0-1

[Event "Titled Tuesday intern op 08th Feb Late"]
[Site "Chess.com INT"]
[Date "2022.02.08"]
[Round "4"]
[White "Shahade, Gregory P"]
[Black "Mogranzini, Roberto"]
[Result "0-1"]
[WhiteElo "2476"]
[BlackElo "2459"]
[PlyCount "66"]
[EventDate "2022.02.08"]
[EventType "swiss (blitz)"]
[EventRounds "11"]
[EventCountry "USA"]
[SourceTitle "CBM 206 Extra"]
[Source "ChessBase"]
[SourceDate "2022.03.31"]
[SourceVersion "1"]
[SourceVersionDate "2022.03.31"]
[SourceQuality "1"]

1. e4 d6 2. d4 Nf6 3. Nc3 e5 4. Nge2 Be7 5. g3 c6 6. Bg2 0-0 7. 0-0 b5 8. a3 a5 9. Re1 Nbd7 10. h3 Bb7 11. b3 Re8 12. Bb2 Bf8 13. Qd2 Qb6 14. Rad1 Qc7 15. g4 Nb6 16. Ng3 a4 17. f4 axb3 18. cxb3 Nfd7 19. Rc1 Qd8 20. Qf2 exd4 21. Qxd4 Nc5 22. Qd1 d5 23. exd5 Rxe1+ 24. Qxe1 Nd3 25. Qf1 Nxc1 26. dxc6 Bxc6 27. Bxc6 Rc8 28. Qxb5 Nd3 29. Ba1 Qd4+ 30. Kh1 Nxf4 31. Nf1 Qf2 32. Nd1 Qe1 33. Bf3 Nc4 0-1

[Event "Titled Tuesday intern op 01st Feb-B"]
[Site "Chess.com INT"]
[Date "2022.02.02"]
[Round "6"]
[White "Mikhailov, Viacheslav"]
[Black "Shahade, Gregory P"]
[Result "0-1"]
[WhiteElo "2428"]
[BlackElo "2476"]
[PlyCount "78"]
[EventDate "2022.02.02"]
[EventType "swiss (blitz)"]
[EventRounds "11"]
[EventCountry "USA"]
[SourceTitle "CBM 206 Extra"]
[Source "ChessBase"]
[SourceDate "2022.03.31"]
[SourceVersion "1"]
[SourceVersionDate "2022.03.31"]
[SourceQuality "1"]

1. Nf3 Nf6 2. g3 g6 3. Bg2 Bg7 4. 0-0 0-0 5. c4 d5 6. cxd5 Nxd5 7. Nc3 Nb6 8. d3 Nc6 9. a4 a5 10. Be3 e5 11. Ng5 Nd4 12. Nge4 c6 13. Nc5 Re8 14. h4 Bf8 15. N3e4 f5 16. Bxd4 exd4 17. Qb3+ Nd5 18. Nxb7 Bxb7 19. Qxb7 fxe4 20. Qxc6 Rc8 21. Qb5 Rc5 22. Qb3 exd3 23. exd3 Kh8 24. Rac1 Nb4 25. Rxc5 Bxc5 26. Rc1 Bf8 27. Qf7 Qe7 28. Qf3 Bg7 29. h5 Rf8 30. Qg4 Nxd3 31. Rf1 Ne5 32. Qd1 d3 33. f4 Qc5+ 34. Kh2 Nc4 35. Qxd3 Qxh5+ 36. Kg1 Qc5+ 37. Kh2 Ne3 38. Rf3 Ng4+ 39. Kh3 Qh5# 0-1

[Event "Titled Tuesday intern op 21st Dec"]
[Site "Chess.com INT"]
[Date "2021.12.21"]
[Round "4"]
[White "Elgersma, Onno"]
[Black "Shahade, Gregory P"]
[Result "0-1"]
[WhiteElo "2282"]
[BlackElo "2476"]
[PlyCount "118"]
[EventDate "2021.12.21"]
[EventType "swiss (blitz)"]
[EventRounds "11"]
[EventCountry "USA"]
[SourceTitle "CBM 205 Extra"]
[Source "ChessBase"]
[SourceDate "2022.01.31"]
[SourceVersion "1"]
[SourceVersionDate "2022.01.31"]
[SourceQuality "1"]

1. c4 Nf6 2. Nc3 d5 3. cxd5 Nxd5 4. Nf3 g6 5. h4 Bg7 6. h5 c5 7. e4 Nxc3 8. bxc3 Nc6 9. Rb1 0-0 10. Bc4 Na5 11. Be2 Be6 12. Qa4 b6 13. e5 Qd5 14. Qh4 Bf5 15. hxg6 Bxg6 16. c4 Qe4 17. Qxe4 Bxe4 18. d3 Bxf3 19. Bxf3 Rad8 20. Be4 Bxe5 21. Bxh7+ Kg7 22. Be4 Rh8 23. Rxh8 Rxh8 24. Ke2 Rh1 25. g3 Rh2 26. Be3 e6 27. a4 f5 28. Ba8 Kf6 29. Bf3 Bxg3 30. Rg1 Be5 31. Rg8 f4 32. Rf8+ Ke7 33. Bxf4 Bxf4 34. Rxf4 Nb3 35. Rg4 Nd4+ 36. Ke3 Rh3 37. Rg3 Nf5+ 38. Kf4 Nxg3 39. fxg3 Rh2 40. Bc6 Rd2 41. Ke3 Ra2 42. g4 Kf6 43. Kf4 Rf2+ 44. Ke4 Re2+ 45. Kf4 Rd2 46. Ke4 Kg5 47. Bd7 Ra2 48. Bxe6 Rxa4 49. d4 cxd4 50. Kxd4 Ra5 51. Bf5 Rc5 52. Kc3 Kf4 53. Kb4 Ke3 54. Be6 Kd4 55. Bd5 a5+ 56. Kb3 b5 57. Bg8 bxc4+ 58. Kc2 c3 59. g5 Rxg5 0-1

[Event "Titled Tuesday intern op 21st Dec"]
[Site "Chess.com INT"]
[Date "2021.12.21"]
[Round "3"]
[White "Martinez Alcantara, Jose Eduardo"]
[Black "Shahade, Gregory P"]
[Result "1-0"]
[WhiteElo "2615"]
[BlackElo "2476"]
[PlyCount "101"]
[EventDate "2021.12.21"]
[EventType "swiss (blitz)"]
[EventRounds "11"]
[EventCountry "USA"]
[SourceTitle "CBM 205 Extra"]
[Source "ChessBase"]
[SourceDate "2022.01.31"]
[SourceVersion "1"]
[SourceVersionDate "2022.01.31"]
[SourceQuality "1"]

1. e4 e5 2. Nf3 Nc6 3. Bb5 a6 4. Ba4 Nf6 5. d3 b5 6. Bb3 Bc5 7. Be3 d6 8. a4 Bxe3 9. fxe3 Be6 10. Nbd2 0-0 11. 0-0 Bxb3 12. Nxb3 d5 13. exd5 Nxd5 14. Qe1 Qd6 15. e4 Nf4 16. Qf2 f6 17. Kh1 Qb4 18. a5 Nxd3 19. cxd3 Qxb3 20. Qc5 Nb4 21. Qxc7 Rac8 22. Qb7 Rc2 23. Nxe5 Qxb2 24. Nf3 Nxd3 25. Qd5+ Kh8 26. Qxd3 Rxg2 27. Rab1 Qe2 28. Qxe2 Rxe2 29. Rfe1 Ra2 30. Ra1 Rxa1 31. Rxa1 Rc8 32. Rd1 h5 33. Rd6 Rc4 34. Rxa6 Rxe4 35. Rb6 Rb4 36. Kg2 Kh7 37. Kg3 Rb2 38. h4 Rb3 39. Kf4 Kg6 40. Ne5+ Kh7 41. Nc6 Kg6 42. a6 Ra3 43. a7 Ra4+ 44. Kg3 Ra3+ 45. Kf2 Ra4 46. Rxb5 Ra6 47. Ra5 Rxc6 48. a8Q Rc2+ 49. Ke3 Rc4 50. Qe8+ Kh7 51. Rxh5# 1-0

[Event "Titled Tuesday intern op 21st Dec"]
[Site "Chess.com INT"]
[Date "2021.12.21"]
[Round "7"]
[White "Shahade, Gregory P"]
[Black "Wagner, Dinara"]
[Result "1-0"]
[WhiteElo "2476"]
[BlackElo "2325"]
[PlyCount "45"]
[EventDate "2021.12.21"]
[EventType "swiss (blitz)"]
[EventRounds "11"]
[EventCountry "USA"]
[SourceTitle "CBM 205 Extra"]
[Source "ChessBase"]
[SourceDate "2022.01.31"]
[SourceVersion "1"]
[SourceVersionDate "2022.01.31"]
[SourceQuality "1"]

1. e4 c5 2. Nf3 d6 3. d4 cxd4 4. Nxd4 Nf6 5. Nc3 a6 6. Be3 e6 7. f3 h5 8. a4 Nbd7 9. Bc4 Ne5 10. Bb3 b6 11. 0-0 Bd7 12. Qe2 Qc7 13. h3 Be7 14. f4 Nc6 15. Qf2 Rc8 16. Nxc6 Qxc6 17. e5 Ne4 18. Nxe4 Qxe4 19. Bxb6 Bc6 20. Rae1 Qg6 21. f5 Qg5 22. fxe6 fxe6 23. Qf7+ 1-0

[Event "Titled Tuesday intern op 14th Dec"]
[Site "Chess.com INT"]
[Date "2021.12.14"]
[Round "1"]
[White "Sadilek, Peter"]
[Black "Shahade, Gregory P"]
[Result "1/2-1/2"]
[WhiteElo "2354"]
[BlackElo "2476"]
[PlyCount "59"]
[EventDate "2021.12.14"]
[EventType "swiss (blitz)"]
[EventRounds "11"]
[EventCountry "USA"]
[SourceTitle "EXT 2023"]
[Source "ChessBase"]
[SourceDate "2022.10.05"]
[SourceVersion "1"]
[SourceVersionDate "2022.10.05"]
[SourceQuality "1"]

1. d4 Nf6 2. Nf3 g6 3. c4 Bg7 4. Nc3 d5 5. Bg5 Ne4 6. Bh4 Nxc3 7. bxc3 dxc4 8. e3 b5 9. a4 c6 10. Be2 0-0 11. 0-0 Nd7 12. Nd2 Bb7 13. Qb1 Nb6 14. axb5 cxb5 15. Qxb5 Qd5 16. Qxd5 Nxd5 17. Rfc1 Rfc8 18. Nxc4 Rc7 19. Bg3 Rd7 20. Na5 Rc8 21. Nxb7 Rxb7 22. Bf3 Rd7 23. Bxd5 Rxd5 24. Rxa7 e5 25. c4 exd4 26. exd4 Rxd4 27. Rc7 Rxc7 28. Bxc7 Bh6 29. Re1 Rxc4 30. Bd6 1/2-1/2